[Event "Challenge"]
[Site "http://www.queenalice.com/game.php?id=1195503"]
[Date "2013.6.29"]
[Round "-"]
[White "fougalios"]
[Black "Arwan"]
[Result "0-1"]
[WhiteElo "1819"]
[BlackElo "1888"]

1. d4 d5 2. Nf3 Nf6 3. Bf4 Nc6 4. c3 Bg4 5. Qb3 b6 6. e3 Bd7 7. Nbd2 e6 8. Be2
Be7 9. h3 O-O 10. O-O Qc8 11. Kh2 Nh5 12. Bg3 Nxg3 13. fxg3 Qd8 14. a4 Bg5 15.
Nxg5 Qxg5 16. Rf3 a6 17. h4 Qd8 18. e4 dxe4 19. Nxe4 Na5 20. Qa2 Bc6 21. Re3 Nb7
22. Rd1 Nd6 23. Nxd6 Qxd6 24. c4 Rfe8 25. Red3 Be4 26. R3d2 c6 27. b3 b5 28. c5
Qc7 29. Bf3 Bd5 30. Bxd5 exd5 31. Re2 Re4 32. Rxe4 dxe4 33. Re1 Re8 34. axb5
axb5 35. b4 Qd7 36. Rf1 e3 37. Re1 Qxd4 38. Rf1 Qd5 39. Qb2 f6 40. Qe2 Qc4 41.
Qxc4+ bxc4 42. Kg1 c3 43. Rc1 Re4 44. Kf1 Rc4 45. Ke2 c2 46. Kxe3 Kf7 47. Kd3
Rxb4 48. Rxc2 Rb3+ 49. Ke4 Rxg3 50. Kf4 Rd3 51. Ke4 Rd5 52. g3 g6 53. g4 f5+ 54.
gxf5 Rxf5 0-1

[Event "Challenge"]
[Site "http://www.queenalice.com/game.php?id=1196018"]
[Date "2013.7.1"]
[Round "-"]
[White "pestiferous"]
[Black "fougalios"]
[Result "1-0"]
[WhiteElo "1952"]
[BlackElo "1906"]

1. d4 d5 2. c4 c6 3. Nc3 e6 4. e3 Nf6 5. Nf3 Nbd7 6. b3 Bb4 7. Bd2 Qa5 8. Qc2
Bxc3 9. Bxc3 Qc7 10. Bd3 dxc4 11. bxc4 Nb6 12. Bb4 a5 13. Ba3 Bd7 14. O-O h6 15.
Rfe1 Nc8 16. e4 Ne7 17. Rad1 Ng6 18. e5 Nh7 19. Bxg6 fxg6 20. Qxg6+ 1-0

[Event "Challenge"]
[Site "http://www.queenalice.com/game.php?id=1196986"]
[Date "2013.7.4"]
[Round "-"]
[White "EdoVillarroel"]
[Black "fougalios"]
[Result "1-0"]
[WhiteElo "1945"]
[BlackElo "1882"]

1. e4 d5 2. exd5 Qxd5 3. Nc3 Qa5 4. d4 c6 5. Nf3 Bg4 6. h3 Bh5 7. Bd2 Nf6 8. g4
Bg6 9. Ne5 e6 10. Qf3 Nbd7 11. Nxg6 hxg6 12. O-O-O Bb4 13. a3 Bxc3 14. Bxc3 Qc7
15. Bc4 O-O-O 16. Rhe1 Nb6 17. Bf1 Nbd5 18. Bd2 Qb6 19. g5 Nd7 20. Qxf7 Qxd4 21.
Ba5 Qf4+ 22. Qxf4 Nxf4 23. Bxd8 Kxd8 24. Re4 Rf8 25. Rdd4 Nh5 26. Bc4 Kc7 27.
Rxe6 Rxf2 28. Re7 1-0

[Event "Challenge"]
[Site "http://www.queenalice.com/game.php?id=1196987"]
[Date "2013.7.4"]
[Round "-"]
[White "Zugswang"]
[Black "fougalios"]
[Result "1-0"]
[WhiteElo "1926"]
[BlackElo "1922"]

1. e4 d5 2. exd5 Qxd5 3. Nc3 Qa5 4. d4 c6 5. Bf4 Nf6 6. Qd2 Bg4 7. h3 Bf5 8. g4
Bg6 9. Bg2 e6 10. a3 Bb4 11. Nge2 Bxc3 12. Nxc3 Nbd7 13. Bd6 Qd8 14. O-O-O Nb6
15. Bc5 Nfd7 16. Qe2 Qc7 17. Rhf1 O-O-O 18. f4 h6 19. a4 Nxc5 20. dxc5 Nd5 21.
Bxd5 exd5 22. f5 Bh7 23. Rde1 Qa5 24. Qe7 Rd7 25. Qe5 f6 26. Qd4 Qc7 27. Re3
Rdd8 28. Rfe1 Qh2 29. b4 h5 30. b5 hxg4 31. hxg4 Qh4 32. bxc6 bxc6 33. Qd3 Qxg4
34. Qa6+ Kb8 35. Re7 1-0

[Event "Challenge"]
[Site "http://www.queenalice.com/game.php?id=1196988"]
[Date "2013.7.4"]
[Round "-"]
[White "agilulfo"]
[Black "fougalios"]
[Result "1-0"]
[WhiteElo "1858"]
[BlackElo "1869"]

1. d4 d5 2. c4 c6 3. Nc3 e6 4. Nf3 Nf6 5. Bg5 Qb6 6. Bxf6 gxf6 7. b3 Bb4 8. Qc2
Qa5 9. Rc1 dxc4 10. bxc4 Bxc3+ 11. Qxc3 Qxc3+ 12. Rxc3 Nd7 13. e3 Nb6 14. Bd3
Bd7 15. O-O f5 16. Rb3 Ke7 17. c5 Nd5 18. Rxb7 Rhd8 19. Ne5 Nf6 20. Rfb1 Nd5 21.
Nxc6+ 1-0

[Event "Challenge"]
[Site "http://www.queenalice.com/game.php?id=1197734"]
[Date "2013.7.7"]
[Round "-"]
[White "jpribeiro"]
[Black "fougalios"]
[Result "1-0"]
[WhiteElo "1931"]
[BlackElo "1868"]

1. e4 d5 2. exd5 Qxd5 3. Nc3 Qa5 4. d4 c6 5. f3 Bf5 6. Bd3 Bg6 7. Ne2 e6 8. O-O
Nf6 9. Bd2 Nbd7 10. Nd5 Qxd5 11. c4 Qh5 12. Nf4 Bxd3 13. Nxh5 Bxf1 14. Nxf6+
gxf6 15. Kxf1 O-O-O 16. Qa4 Kb8 17. b4 Nb6 18. Qa5 Be7 19. Bf4+ Ka8 20. Qh5 Bxb4
21. Qxf7 Bc3 22. Rc1 Bxd4 23. Bc7 Rde8 24. Bxb6 axb6 25. Re1 c5 26. Rxe6 Rd8 27.
Rxb6 Rb8 28. Rb3 Ka7 29. Qc7 1-0

[Event "Challenge"]
[Site "http://www.queenalice.com/game.php?id=1197735"]
[Date "2013.7.7"]
[Round "-"]
[White "fougalios"]
[Black "jpribeiro"]
[Result "1/2-1/2"]
[WhiteElo "1867"]
[BlackElo "1915"]

1. d4 d5 2. Nf3 Nf6 3. Bf4 Bf5 4. Nbd2 e6 5. c3 Be7 6. h3 h6 7. e3 g5 8. Bh2 Bd6
9. Bxd6 Qxd6 10. Qb3 Qb6 11. Be2 Qxb3 12. axb3 O-O 13. b4 Nbd7 14. g4 Bg6 15.
O-O Rfe8 16. Bb5 c6 17. Ba4 b5 18. Bb3 Bd3 19. Rfe1 Kg7 1/2-1/2

[Event "Bastille X Vinager revolution"]
[Site "http://www.queenalice.com/game.php?id=1200887"]
[Date "2013.7.18"]
[Round "-"]
[White "fougalios"]
[Black "Atalxxi1"]
[Result "1-0"]
[WhiteElo "1827"]
[BlackElo "1546"]

1. d4 Nf6 2. Nf3 d5 3. Bf4 e6 4. c3 g6 5. h3 b6 6. e3 Bg7 7. Nbd2 Bb7 8. Be2 O-O
9. O-O Nh5 10. Bh2 c6 11. Ne5 b5 12. Bxh5 Qf6 13. Be2 Qf5 14. Bg4 Qg5 15. Ndf3
f6 16. Bf4 Qxf4 17. exf4 Re8 18. Nd3 Nd7 19. Re1 a6 20. Bxe6+ Kf8 21. Bxd7 Red8
22. Nc5 Bc8 23. Ne6+ 1-0

[Event "Challenge"]
[Site "http://www.queenalice.com/game.php?id=1200888"]
[Date "2013.7.18"]
[Round "-"]
[White "Atalxxi1"]
[Black "fougalios"]
[Result "0-1"]
[WhiteElo "1541"]
[BlackElo "1806"]

1. g3 d5 2. d4 c6 3. Nf3 Bf5 4. Bg2 e6 5. Be3 Nf6 6. Nc3 Bb4 7. O-O Bxc3 8. bxc3
Nbd7 9. c4 O-O 10. c5 a5 11. a4 Re8 12. c3 Ne4 13. Ra3 b5 14. h3 b4 15. cxb4
axb4 16. Ra2 Nc3 17. Qb3 Nxa2 18. Qxa2 Qa5 19. Ra1 Reb8 20. Nd2 e5 21. g4 Bg6
22. f3 exd4 23. Bxd4 Nxc5 24. Be5 Re8 25. Qb2 f6 26. Bd4 Rxe2 27. Bf1 Re6 28. h4
h6 29. h5 Bh7 30. Bg2 Rae8 31. Bxc5 Qxc5+ 32. Kh2 Qc2 33. Qxb4 c5 34. Qa5 Re2
35. Rb1 Qxd2 36. Qxd2 Rxd2 37. a5 Bxb1 0-1

[Event "Challenge"]
[Site "http://www.queenalice.com/game.php?id=1205532"]
[Date "2013.8.6"]
[Round "-"]
[White "Antoniel_Barbosa"]
[Black "fougalios"]
[Result "1-0"]
[WhiteElo "1855"]
[BlackElo "1811"]

1. e4 d5 2. Nc3 d4 3. Na4 c6 4. d3 Qa5+ 5. c3 dxc3 6. bxc3 Nf6 7. Bd2 Bg4 8. Nf3
e6 9. h3 Bh5 10. g4 Bg6 11. Ne5 Qxe5 12. Bg2 Qc7 13. Qe2 Be7 14. f4 h6 15. f5
Qg3+ 16. Qf2 Qxf2+ 17. Kxf2 exf5 18. exf5 Bh7 19. Rab1 b5 20. Bf4 O-O 21. Rhe1
Nd5 22. Bxd5 cxd5 23. Rxe7 bxa4 24. Bd6 Nc6 25. Rc7 Rfc8 26. Rbb7 Rxc7 27. Rxc7
Nd8 28. Re7 f6 29. Re8+ Kf7 30. Rf8# 1-0

[Event "Challenge"]
[Site "http://www.queenalice.com/game.php?id=1205985"]
[Date "2013.8.7"]
[Round "-"]
[White "fougalios"]
[Black "princesher"]
[Result "0-1"]
[WhiteElo "1797"]
[BlackElo "1957"]

1. d4 d5 2. Nf3 Bf5 3. Bf4 e6 4. Nbd2 Bb4 5. c3 Ba5 6. e3 Bg4 7. Qb3 Bxf3 8.
Nxf3 Bb6 9. a4 a5 10. Be2 f6 11. O-O h5 12. h3 Nd7 13. Bd3 Ne7 14. Qc2 f5 15.
Ne5 Nxe5 16. Bxe5 Kf7 17. c4 c6 18. c5 Bc7 19. Bxc7 Qxc7 20. f4 Rhg8 21. Be2 g6
22. Rf3 Rgb8 23. Rg3 b6 24. Ra2 bxc5 25. Qxc5 Rb4 26. Bd1 Ng8 27. b3 Nf6 28. Bc2
h4 29. Qc3 hxg3 0-1

[Event "Challenge"]
[Site "http://www.queenalice.com/game.php?id=1215332"]
[Date "2013.9.8"]
[Round "-"]
[White "fougalios"]
[Black "mitsho"]
[Result "1-0"]
[WhiteElo "1804"]
[BlackElo "1820"]

1. d4 d5 2. Nf3 c5 3. c3 e6 4. Bf4 Nc6 5. e3 Bd6 6. Nbd2 Nf6 7. dxc5 Bxc5 8. Bb5
O-O 9. Bxc6 bxc6 10. Nd4 Bxd4 11. cxd4 Nh5 12. Bg3 Nxg3 13. hxg3 Qc7 14. Qc2 Bd7
15. Nf3 Qa5+ 16. Qd2 Qxd2+ 17. Nxd2 Rfc8 18. Nf3 Rab8 19. Ne5 Rb7 20. b3 f6 21.
Nd3 h6 22. Nc5 Rbc7 23. b4 e5 24. dxe5 fxe5 25. O-O Kf7 26. Nd3 Kf6 27. Nc5 g5
28. Rfc1 Rb7 29. Rc3 Rxb4 30. Nxd7+ 1-0

[Event "Challenge"]
[Site "http://www.queenalice.com/game.php?id=1226054"]
[Date "2013.10.20"]
[Round "-"]
[White "mitsho"]
[Black "fougalios"]
[Result "1-0"]
[WhiteElo "1808"]
[BlackElo "1821"]

1. d4 d5 2. c4 c6 3. Nc3 dxc4 4. e4 Nf6 5. Bxc4 e6 6. Nf3 Bb4 7. Qc2 O-O 8. O-O
Bxc3 9. bxc3 Nbd7 10. e5 Nd5 11. Ng5 g6 12. Ne4 N7b6 13. Bh6 Re8 14. Bxd5 cxd5
15. Bg5 Qc7 16. Nf6+ Kf8 17. Nxh7+ Kg7 18. Bf6+ Kxh7 19. Qd3 Rh8 20. Qh3+ 1-0

[Event "Challenge"]
[Site "http://www.queenalice.com/game.php?id=1229819"]
[Date "2013.11.4"]
[Round "-"]
[White "alexferreira"]
[Black "fougalios"]
[Result "1-0"]
[WhiteElo "1925"]
[BlackElo "1804"]

1. d4 d5 2. g3 c6 3. Bg2 Bf5 4. Nf3 h6 5. O-O e6 6. Bf4 Nf6 7. Nbd2 g5 8. Be5
Nbd7 9. Bxf6 Nxf6 10. c3 Qb6 11. Nb3 h5 12. Nxg5 Bh6 13. Nf3 Rg8 14. Nh4 Bh7 15.
Nf3 Ng4 16. Nfd2 h4 17. e4 hxg3 18. fxg3 dxe4 19. Nxe4 Bxe4 20. Bxe4 Ne3 21. Qh5
Rh8 22. Qxf7+ Kd8 23. Qf6+ Kc7 24. Qe5+ Kd7 25. Rf7+ 1-0

[Event "Challenge"]
[Site "http://www.queenalice.com/game.php?id=1229832"]
[Date "2013.11.4"]
[Round "-"]
[White "fougalios"]
[Black "alexferreira"]
[Result "1-0"]
[WhiteElo "1793"]
[BlackElo "1907"]

1. d4 d5 2. Nf3 g6 3. Bf4 Bg7 4. e3 Bg4 5. c3 Nf6 6. Nbd2 O-O 7. Qb3 Bxf3 8.
Nxf3 Qc8 9. Be5 c6 10. a4 a5 11. Be2 Nbd7 12. O-O Nxe5 13. Nxe5 Nd7 14. Nxd7
Qxd7 15. Rfd1 Rab8 16. Bf3 e5 17. dxe5 Bxe5 18. e4 d4 19. cxd4 Bxd4 20. Qc4 c5
21. Qxc5 Bxc5 22. Rxd7 b6 23. Rad1 Rfe8 24. g3 Kg7 25. Ra7 Ra8 26. Rdd7 Rxa7 27.
Rxa7 Rd8 28. e5 Re8 29. Bd5 Rf8 30. e6 Kf6 31. exf7 Be7 32. Rb7 Bc5 33. b3 Ke5
34. Bc4 Kd6 35. Bb5 Ke5 36. Kg2 Ke6 37. Be8 Kf6 38. g4 g5 39. f3 h6 40. h3 Ke6
41. Kf1 Ke5 42. Ke2 Kf4 43. Rc7 Kg3 44. Rc6 Rh8 45. Rg6 Kxh3 46. Rg8 Rh7 47.
f8=Q Bxf8 48. Rxf8 Rc7 49. Rh8 Re7+ 50. Kf2 Re6 51. f4 gxf4 52. g5 Rd6 53. Rxh6+
Rxh6 54. gxh6 Kg4 55. h7 1-0

[Event "Challenge"]
[Site "http://www.queenalice.com/game.php?id=1248829"]
[Date "2014.1.16"]
[Round "-"]
[White "mrPibb"]
[Black "fougalios"]
[Result "1-0"]
[WhiteElo "1727"]
[BlackElo "1814"]

1. e4 d5 2. exd5 Qxd5 3. Nc3 Qa5 4. d4 c6 5. Nf3 Bg4 6. Bd3 Nf6 7. O-O e6 8. Bf4
Nbd7 9. Re1 O-O-O 10. h3 Bh5 11. a3 Re8 12. b4 Qc7 13. Bxc7 1-0

[Event "Challenge"]
[Site "http://www.queenalice.com/game.php?id=1252564"]
[Date "2014.1.30"]
[Round "-"]
[White "fougalios"]
[Black "mrPibb"]
[Result "1-0"]
[WhiteElo "1814"]
[BlackElo "1740"]

1. d4 Nf6 2. Nf3 g6 3. Bf4 Bg7 4. e3 O-O 5. h3 c5 6. c3 d6 7. Nbd2 a5 8. a4 Qb6
9. Qc1 Nd5 10. Bh2 Qc7 11. dxc5 dxc5 12. Bxc7 1-0

[Event "Challenge"]
[Site "http://www.queenalice.com/game.php?id=1256399"]
[Date "2014.2.14"]
[Round "-"]
[White "ChessLeticia"]
[Black "fougalios"]
[Result "1-0"]
[WhiteElo "1813"]
[BlackElo "1837"]

1. e4 d5 2. exd5 Qxd5 3. Nc3 Qa5 4. Nf3 Bg4 5. Be2 c6 6. O-O Nf6 7. d3 e6 8. Bd2
Nbd7 9. Ne4 Qc7 10. h3 Bh5 11. Nfg5 Bg6 12. Bf3 h6 13. Nxf6+ gxf6 14. Ne4 Bxe4
15. dxe4 O-O-O 16. Be3 Bd6 17. Qd4 Bc5 18. Qc3 Bxe3 19. Qxe3 Kb8 20. Rfd1 Ne5
21. a4 h5 22. b4 Nxf3+ 23. Qxf3 Qe5 24. Rxd8+ Rxd8 25. Rd1 Rg8 26. Rd7 Qa1+ 27.
Kh2 Qe5+ 28. g3 h4 29. Rxf7 hxg3+ 30. fxg3 Qb2 31. Qd3 Qxb4 32. Qd7 Qb6 33. Rxf6
Rd8 34. Rf8 Qf2+ 35. Rxf2 Rxd7 36. h4 Rd4 37. h5 Rxe4 38. h6 Re5 39. g4 1-0

[Event "Challenge"]
[Site "http://www.queenalice.com/game.php?id=1256400"]
[Date "2014.2.14"]
[Round "-"]
[White "fougalios"]
[Black "armandosf"]
[Result "1-0"]
[WhiteElo "1827"]
[BlackElo "1685"]

1. d4 d5 2. Nf3 Nc6 3. Bf4 e6 4. c3 Nf6 5. Nbd2 Bd6 6. Ne5 Bxe5 7. Bxe5 Nxe5 8.
dxe5 Nd7 9. Nf3 h6 10. e3 O-O 11. Be2 f6 12. exf6 Qxf6 13. O-O Ne5 14. Qb3 b6
15. Nxe5 Qxe5 16. Bf3 c6 17. a4 Ba6 18. Rfd1 Rf6 19. c4 Bxc4 20. Qa3 Qg5 21. Qe7
h5 22. Rd4 Qe5 23. Qb7 Raf8 24. Qxa7 c5 25. Rd2 1-0

[Event "Challenge"]
[Site "http://www.queenalice.com/game.php?id=1275473"]
[Date "2014.4.23"]
[Round "-"]
[White "RonLyon"]
[Black "fougalios"]
[Result "0-1"]
[WhiteElo "1625"]
[BlackElo "1820"]

1. d4 d5 2. c4 dxc4 3. Nf3 c6 4. e4 Bg4 5. Be2 e6 6. e5 Ne7 7. h3 Bf5 8. Nc3 Nd5
9. Bxc4 Nxc3 10. bxc3 Nd7 11. Bd3 Bg6 12. a4 Bh5 13. O-O g5 14. Bxg5 Bxf3 15.
Bxd8 Bxd1 16. Raxd1 Kxd8 17. Rb1 Kc7 18. Rb3 Rd8 19. Rfb1 Rb8 20. Be2 h5 21. h4
a5 22. g3 Be7 23. Kg2 b6 24. f4 Rbg8 25. Kh3 f6 26. c4 fxe5 27. fxe5 Bb4 28. Rf1
Rg7 29. Bd1 c5 30. Rbf3 cxd4 31. Re1 Bxe1 0-1

[Event "Challenge"]
[Site "http://www.queenalice.com/game.php?id=1305721"]
[Date "2014.9.2"]
[Round "-"]
[White "Eggchaser"]
[Black "fougalios"]
[Result "1-0"]
[WhiteElo "1878"]
[BlackElo "1828"]

1. c4 d5 2. cxd5 Qxd5 3. Nc3 Qa5 4. g3 c6 5. Bg2 Bf5 6. d3 e6 7. Nf3 h6 8. O-O
Nf6 9. Bd2 Nbd7 10. e4 Bh7 11. Nd5 Qd8 12. Nc3 Qc7 13. Re1 O-O-O 14. Rc1 Kb8 15.
a3 g5 16. h3 a6 17. b4 Bd6 18. d4 Be7 19. Qb3 Qb6 20. d5 c5 21. Be3 Nxe4 22.
Nxe4 Bxe4 23. dxe6 Bxf3 24. Bxf3 Ne5 25. Be4 Qxe6 26. Qxe6 fxe6 27. Bxc5 Bxc5
28. Rxc5 Rd2 29. Rxe5 1-0

[Event "Challenge"]
[Site "http://www.queenalice.com/game.php?id=1305758"]
[Date "2014.9.2"]
[Round "-"]
[White "fougalios"]
[Black "stoyan1"]
[Result "1-0"]
[WhiteElo "1814"]
[BlackElo "1875"]

1. d4 e6 2. Nf3 c5 3. d5 d6 4. Bg5 Be7 5. Bxe7 Nxe7 6. dxe6 Bxe6 7. e3 O-O 8. c3
a6 9. a4 Nbc6 10. Nbd2 Ne5 11. Nxe5 dxe5 12. Be2 Qc7 13. O-O c4 14. Bf3 Rab8 15.
Qc2 f5 16. a5 b5 17. axb6 Rxb6 18. Be2 Rfb8 19. Ra2 e4 20. Rfa1 g6 21. g3 Nc8
22. Qa4 Nd6 23. Qa5 Nb7 24. Qa3 a5 25. h4 Rd8 26. Rd1 h6 27. Kf1 Rb3 28. Nxb3
Rxd1+ 29. Bxd1 cxb3 30. Bxb3 Bc4+ 31. Bxc4+ Qxc4+ 32. Kg2 Qd5 33. Qa4 Qf7 34.
Ra1 g5 35. Qa2 Qxa2 36. Rxa2 Kf7 37. Ra4 Ke6 38. hxg5 hxg5 39. Rc4 Kd7 40. f3
Nd6 41. Rc5 a4 42. fxe4 Nxe4 43. Rxf5 a3 44. bxa3 Nxc3 45. Rxg5 Kd6 46. Kf3 1-0

[Event "Challenge"]
[Site "http://www.queenalice.com/game.php?id=1325441"]
[Date "2014.12.1"]
[Round "-"]
[White "fougalios"]
[Black "Lordul"]
[Result "1-0"]
[WhiteElo "1832"]
[BlackElo "1790"]

1. d4 d5 2. Nf3 f6 3. Bf4 h5 4. h3 g5 5. Bh2 e6 6. e3 h4 7. c3 c5 8. Qc2 Rh6 9.
Bd3 c4 10. Be2 Bd6 11. Bxd6 Qxd6 12. Nbd2 b5 13. e4 Nc6 14. exd5 Qxd5 15. Qe4
Nge7 16. a4 Ba6 17. axb5 Bxb5 18. Qxd5 Nxd5 19. O-O Ke7 20. Bxc4 Bxc4 21. Nxc4
a5 22. Ra4 Ra6 23. Rfa1 Nc7 24. Nxa5 Nxa5 25. Rxa5 Rb6 26. Ra7 Kd6 27. R1a2 Rh8
28. Nd2 Kd7 29. Ne4 Rf8 30. Nc5+ Kc6 31. Rxc7+ Kd5 32. b4 e5 33. Nd7 Kd6 34.
Raa7 Rf7 35. Nxb6 Rxc7 36. Rxc7 Kxc7 37. Nd5+ Kc6 38. Nxf6 exd4 39. cxd4 Kb6 40.
Nh7 Kb5 41. Nxg5 Kxb4 42. Nf3 1-0